Radiology business practice : (Record no. 171097)

MARC details
000 -LEADER
fixed length control field 01142cam a22003014a 4500
001 - CONTROL NUMBER
control field 14810235
003 - CONTROL NUMBER IDENTIFIER
control field OSt
005 - DATE AND TIME OF LATEST TRANSACTION
control field 20250117131204.0
008 - FIXED-LENGTH DATA ELEMENTS--GENERAL INFORMATION
fixed length control field 070413s2008 paua b 001 0 eng
020 ## - INTERNATIONAL STANDARD BOOK NUMBER
International Standard Book Number 9780323044523 (paperback)
Terms of availability 100.00
040 ## - CATALOGING SOURCE
Original cataloging agency NUST
Transcribing agency NUST
Modifying agency NUST
Language of cataloging eng
Description conventions rda
050 00 - LIBRARY OF CONGRESS CALL NUMBER
Classification number R895 YOU
100 1# - MAIN ENTRY--PERSONAL NAME
Personal name Yousem, David.M.
245 10 - TITLE STATEMENT
Title Radiology business practice :
Remainder of title how to succeed /
Statement of responsibility, etc. David M. Yousem
260 ## - PUBLICATION, DISTRIBUTION, ETC.
Place of publication, distribution, etc. Philadelphia :
Name of publisher, distributor, etc. Saunders/Elsevier,
Date of publication, distribution, etc. 2008.
300 ## - PHYSICAL DESCRIPTION
Extent xix, 503 pages
Other physical details illustrations;
Dimensions 26 cm.
336 ## - CONTENT TYPE
Source rdamedia
Content type term text
Content type code txt
337 ## - MEDIA TYPE
Source rdamedia
Media type term unmediated
Media type code n
338 ## - CARRIER TYPE
Source rdamedia
Carrier type term volume
Carrier type code nc
504 ## - BIBLIOGRAPHY, ETC. NOTE
Bibliography, etc. note Includes bibliographical references and index.
650 #0 - SUBJECT ADDED ENTRY--TOPICAL TERM
Topical term or geographic name entry element Medical radiology
General subdivision Practice.
650 12 - SUBJECT ADDED ENTRY--TOPICAL TERM
Topical term or geographic name entry element Radiology
General subdivision organization & administration.
650 22 - SUBJECT ADDED ENTRY--TOPICAL TERM
Topical term or geographic name entry element Practice Management, Medical
General subdivision organization & administration.
700 1# - ADDED ENTRY--PERSONAL NAME
Personal name Beauchamp, Norman J.
Relator term Author
906 ## - LOCAL DATA ELEMENT F, LDF (RLIN)
a 7
b cbc
c orignew
d 1
e ecip
f 20
g y-gencatlg
942 ## - ADDED ENTRY ELEMENTS (KOHA)
Source of classification or shelving scheme Library of Congress Classification
Suppress in OPAC No
Koha item type Ordinary Loan Books
Classification part R895 YOU
Call number prefix R
Call number suffix YOU
Holdings
Withdrawn status Lost status Source of classification or shelving scheme Damaged status Not for loan Collection Home library Current library Shelving location Date acquired Source of acquisition Cost, normal purchase price Total Checkouts Full call number Barcode Date last seen Accession number Cost, replacement price Price effective from Koha item type Public note
    LCC     NFIC MEDICAL MEDICAL GEN 11/14/2024 Book Aid International 100.00   R895 YOU 92004054912 11/14/2024 62441 100.00 11/14/2024 BOOKS Donation